| 000 | 00387nam a2200157Ia 4500 | ||
|---|---|---|---|
| 999 |
_c2630 _d2630 |
||
| 003 | OSt | ||
| 005 | 20200311114147.0 | ||
| 008 | 200302s9999 xx 000 0 und d | ||
| 020 | _a9788123909738 | ||
| 100 | _aSatish Grover | ||
| 245 | _aBuddhist and Hindu Architecture in India 2nd ed. | ||
| 260 | _bCBS Publishers & Distributors | ||
| 260 | _c2008 | ||
| 300 | _a237 P., | ||
| 942 | _2ddc | ||